000 00599nam a2200193Ia 4500
005 20250326141934.0
008 250326s9999 xx 000 0 und d
020 _a81-7473-148-2
037 _aTextbook
040 _aFMSL
_beng
_cFMSL
041 _aeng
_2eng
084 _aX:51 P2
_qFMSL
100 _aMatkins C
_9745307
245 0 _aMarketing, sales and customer services: Understanding the theory and practice of selling through service
_cMatkins C
260 _aDelhi
_bDelhi, A I T B S Publishers
_c2002
300 _a348p
942 _cTB
_hX:51 P2
999 _c1292698
_d1292698